[Event "CZE-chT2D 2122"]
[Site "Czech Republic"]
[Date "2022.03.20"]
[Round "10.4"]
[White "Novak, Radomir"]
[Black "Cely, Jaroslav"]
[Result "1-0"]
[WhiteElo "2104"]
[BlackElo "1970"]
[PlyCount "65"]
[EventDate "2021.10.17"]
[EventType "team-tourn"]
[EventRounds "11"]
[EventCountry "CZE"]
[SourceTitle "EXT 2025"]
[Source "ChessBase"]
[SourceDate "2024.10.14"]
[SourceVersion "1"]
[SourceVersionDate "2024.10.14"]
[SourceQuality "1"]
[WhiteTeam "Hradec Kralove Slavia"]
[BlackTeam "Zdar nad Sazavou"]
[WhiteTeamCountry "CZE"]
[BlackTeamCountry "CZE"]

1. d4 d5 2. Nf3 Nf6 3. Bf4 g6 4. e3 Bg7 5. Bd3 c5 6. c3 Nbd7 7. h3 0-0 8. 0-0 b6 9. Nbd2 Bb7 10. Qe2 Re8 11. Ba6 Qc8 12. Bxb7 Qxb7 13. Bh2 Ne4 14. Nxe4 dxe4 15. Nd2 cxd4 16. exd4 e5 17. dxe5 Bxe5 18. Nb3 Qc7 19. Bxe5 Rxe5 20. Rad1 Rae8 21. Qe3 Nf6 22. Rd4 Nd5 23. Qg3 Qe7 24. h4 Qf6 25. Nc1 Ne7 26. Rd7 a5 27. Ne2 Nf5 28. Qf4 Qxh4 29. Qxh4 Nxh4 30. Rfd1 Nf5 31. Rb7 Rb5 32. b3 Rf8 33. c4 1-0

[Event "CZE-chT2D 2122"]
[Site "Czech Republic"]
[Date "2021.12.19"]
[Round "5.4"]
[White "Cely, Jaroslav"]
[Black "Kokes, Bohuslav"]
[Result "1-0"]
[WhiteElo "1970"]
[BlackElo "1961"]
[PlyCount "81"]
[EventDate "2021.10.17"]
[EventType "team-tourn"]
[EventRounds "11"]
[EventCountry "CZE"]
[SourceTitle "EXT 2025"]
[Source "ChessBase"]
[SourceDate "2024.10.14"]
[SourceVersion "1"]
[SourceVersionDate "2024.10.14"]
[SourceQuality "1"]
[WhiteTeam "Zdar nad Sazavou"]
[BlackTeam "Chrudim"]
[WhiteTeamCountry "CZE"]
[BlackTeamCountry "CZE"]

1. e4 c5 2. c3 Nf6 3. e5 Nd5 4. d4 cxd4 5. cxd4 e6 6. Nf3 b6 7. Nc3 Nxc3 8. bxc3 Bb7 9. Bd3 Be7 10. 0-0 0-0 11. Qe2 d6 12. Bb2 Nd7 13. exd6 Bxd6 14. c4 Re8 15. Rfe1 Qc7 16. h3 Bb4 17. Red1 Qf4 18. Qe3 Bd6 19. Be2 Rac8 20. Qxf4 Bxf4 21. Ne1 Ba6 22. d5 Nf8 23. g3 Bb8 24. dxe6 Nxe6 25. Rac1 f5 26. Rd7 Rc7 27. Rxc7 Bxc7 28. Bf3 Nc5 29. Bd5+ Kf8 30. Bd4 Re2 31. Nf3 Ne6 32. Bc3 Bd6 33. Kf1 Re4 34. Nd2 Nc5 35. Nxe4 fxe4 36. Bd4 Bc8 37. Kg2 Bf5 38. Re1 Nd3 39. Re2 Nc1 40. Re1 Ba3 41. Bxe4 1-0

[Event "CZE-chT2D 1415"]
[Site "Czech Republic"]
[Date "2015.03.15"]
[Round "9.5"]
[White "Mojzis, Jaroslav"]
[Black "Cely, Jaroslav"]
[Result "1/2-1/2"]
[WhiteElo "2150"]
[BlackElo "2078"]
[PlyCount "57"]
[EventDate "2014.11.02"]
[EventType "team-tourn"]
[EventRounds "11"]
[EventCountry "CZE"]
[SourceTitle "EXT 2022"]
[Source "ChessBase"]
[SourceDate "2021.10.06"]
[SourceVersion "1"]
[SourceVersionDate "2021.10.06"]
[SourceQuality "1"]
[WhiteTeam "Polabiny II"]
[BlackTeam "Zdar nad Sazavou"]
[WhiteTeamCountry "CZE"]
[BlackTeamCountry "CZE"]

1. d4 c5 2. d5 e5 3. e4 d6 4. Nc3 Be7 5. Nf3 Nf6 6. g3 0-0 7. Bg2 b5 8. Nd2 Ba6 9. 0-0 Ne8 10. f4 Nd7 11. Qe2 Nc7 12. Nd1 b4 13. Nc4 Nb6 14. b3 Bf6 15. f5 Nb5 16. a3 Nxa3 17. Bxa3 Bxc4 18. bxc4 bxa3 19. Rxa3 Qc7 20. Nc3 Rfb8 21. Rfa1 Qd7 22. Bf1 Nc8 23. Qf2 Bd8 24. Bd3 Qe7 25. Nd1 Rb4 26. Ne3 Rab8 27. Qe1 h6 28. Kg2 Qb7 29. h4 1/2-1/2

[Event "CZE-chT2D 0910"]
[Site "Czech Republic"]
[Date "2010.01.31"]
[Round "6.2"]
[White "Cely, Jaroslav"]
[Black "Piza, Vlastimil"]
[Result "1/2-1/2"]
[WhiteElo "2127"]
[BlackElo "2297"]
[PlyCount "49"]
[EventDate "2009.10.18"]
[EventType "team-tourn"]
[EventRounds "11"]
[EventCountry "CZE"]
[SourceTitle "EXT 2012"]
[Source "ChessBase"]
[SourceDate "2011.11.24"]
[SourceVersion "1"]
[SourceVersionDate "2011.11.24"]
[SourceQuality "1"]
[WhiteTeam "Zdar nad Sazavou"]
[BlackTeam "Trebic Caissa"]
[WhiteTeamCountry "CZE"]
[BlackTeamCountry "CZE"]

1. e4 c5 2. c3 Nf6 3. e5 Nd5 4. d4 cxd4 5. Qxd4 e6 6. Nf3 Nc6 7. Qe4 d6 8. Bb5 Bd7 9. exd6 Bxd6 10. 0-0 Nce7 11. Bxd7+ Qxd7 12. c4 Nf6 13. Qe2 Qc7 14. Nc3 a6 15. h3 Rc8 16. b3 0-0 17. Bb2 Ng6 18. Ne4 Nxe4 19. Qxe4 Rfd8 20. Rad1 Rd7 21. Rd3 Rcd8 22. Rfd1 Bc5 23. Ne5 Rxd3 24. Rxd3 Rxd3 25. Nxd3 1/2-1/2

[Event "CZE-chT2D 0809"]
[Site "Czech Republic"]
[Date "2008.12.07"]
[Round "4.3"]
[White "Kozlicek, Lubomir"]
[Black "Cely, Jaroslav"]
[Result "1/2-1/2"]
[WhiteElo "2164"]
[BlackElo "2124"]
[PlyCount "23"]
[EventDate "2008.10.12"]
[EventType "tourn"]
[EventRounds "11"]
[EventCountry "CZE"]
[SourceTitle "EXT 2010"]
[Source "ChessBase"]
[SourceDate "2010.11.25"]
[SourceVersion "1"]
[SourceVersionDate "2010.11.25"]
[SourceQuality "1"]

1. e4 g6 2. d4 Bg7 3. Nc3 d6 4. f4 Nf6 5. Nf3 c5 6. Bb5+ Bd7 7. e5 Ng4 8. e6 fxe6 9. Ng5 Bxb5 10. Nxe6 Bxd4 11. Nxd4 Bd7 12. Nf3 1/2-1/2

[Event "Zdar nad Sazavou Vysocina op-B 4th"]
[Site "Zdar nad Sazavou"]
[Date "2007.09.23"]
[Round "2"]
[White "Vala, Filip"]
[Black "Cely, Jaroslav"]
[Result "0-1"]
[WhiteElo "1984"]
[BlackElo "2176"]
[PlyCount "24"]
[EventDate "2007.09.22"]
[EventType "swiss"]
[EventRounds "9"]
[EventCountry "CZE"]
[SourceTitle "EXT 2008"]
[Source "ChessBase"]
[SourceDate "2007.11.25"]
[SourceVersion "1"]
[SourceVersionDate "2007.11.25"]
[SourceQuality "1"]

1. e4 g6 2. d4 Bg7 3. Nc3 c5 4. Be3 Qa5 5. Nf3 Nf6 6. Bd3 Ng4 7. 0-0 Nc6 8. Bc4 0-0 9. Qd2 Qb4 10. b3 cxd4 11. Bxd4 Nxd4 12. Nxd4 Qd6 0-1

[Event "CZE-chT2d 0607"]
[Site "Czech Republic"]
[Date "2007.01.14"]
[Round "6.2"]
[White "Cely, Jaroslav"]
[Black "Jedlicka, Ales"]
[Result "1-0"]
[WhiteElo "2158"]
[BlackElo "2235"]
[PlyCount "121"]
[EventDate "2006.10.15"]
[EventType "team-tourn"]
[EventRounds "11"]
[EventCountry "CZE"]
[SourceTitle "EXT 2009"]
[Source "ChessBase"]
[SourceDate "2008.11.26"]
[SourceVersion "1"]
[SourceVersionDate "2008.11.26"]
[SourceQuality "1"]

1. e4 c5 2. c3 d5 3. exd5 Qxd5 4. d4 Nf6 5. Nf3 Bg4 6. Be2 e6 7. 0-0 Nc6 8. h3 Bh5 9. Na3 Be7 10. Nc2 0-0 11. Be3 cxd4 12. Nfxd4 Bxe2 13. Qxe2 Rfd8 14. Rfd1 a6 15. c4 Nxd4 16. Nxd4 Qe4 17. Qf3 Rac8 18. b3 Bc5 19. Ne2 Qxf3 20. gxf3 Be7 21. Ng3 Nd7 22. Kf1 f5 23. f4 Kf7 24. Ke2 h6 25. Rd2 Nf8 26. Rad1 Rxd2+ 27. Rxd2 g5 28. Kf1 Kg6 29. Ne2 Bf6 30. fxg5 hxg5 31. f4 Rc7 32. Kg2 e5 33. fxe5 Bxe5 34. Rd5 Bf6 35. Bd4 Re7 36. Kf2 Ne6 37. Bxf6 Kxf6 38. Ng3 Ng7 39. Kf3 Ke6 40. Ne2 Kf6 41. Rd6+ Ne6 42. Nd4 f4 43. Kg4 Ke5 44. Rd5+ Ke4 45. Nf3 Nc7 46. Nxg5+ Ke3 47. Rf5 b5 48. Rxf4 bxc4 49. Rxc4 Kd3 50. h4 Nd5 51. Ra4 Ne3+ 52. Kh5 Ra7 53. Ra5 Kc3 54. Kg6 Ng2 55. Ra4 a5 56. h5 Ra6+ 57. Kg7 Ne3 58. Rf4 Nd5 59. Rf2 a4 60. h6 axb3 61. Rf3+ 1-0

[Event "CZE-chT2d 0607"]
[Site "Czech Republic"]
[Date "2006.12.15"]
[Round "5"]
[White "Kozlicek, Lubomir"]
[Black "Cely, Jaroslav"]
[Result "1/2-1/2"]
[WhiteElo "2180"]
[BlackElo "2158"]
[PlyCount "28"]
[EventDate "2006.10.15"]
[EventType "team-tourn"]
[EventRounds "11"]
[EventCountry "CZE"]
[SourceTitle "EXT 2009"]
[Source "ChessBase"]
[SourceDate "2008.11.26"]
[SourceVersion "1"]
[SourceVersionDate "2008.11.26"]
[SourceQuality "1"]

1. e4 Nf6 2. e5 Nd5 3. Bc4 e6 4. Nc3 Nb6 5. Bb3 d6 6. d4 dxe5 7. dxe5 Qxd1+ 8. Nxd1 Nc6 9. Nf3 Bd7 10. Nc3 0-0-0 11. Bg5 Be7 12. Bxe7 Nxe7 13. 0-0-0 h6 14. Nd4 Kb8 1/2-1/2

[Event "CZE-chT2d 0304"]
[Site "Czech Republic"]
[Date "2004.??.??"]
[Round "?"]
[White "Cely, Jaroslav"]
[Black "Hrabe, Petr"]
[Result "1/2-1/2"]
[WhiteElo "2165"]
[BlackElo "2180"]
[PlyCount "56"]
[EventDate "2003.??.??"]
[EventType "team-tourn"]
[EventRounds "11"]
[EventCountry "CZE"]
[SourceTitle "EXT 2007"]
[Source "ChessBase"]
[SourceDate "2006.11.23"]
[SourceVersion "1"]
[SourceVersionDate "2006.11.23"]
[SourceQuality "1"]

1. e4 c5 2. c3 d5 3. exd5 Qxd5 4. d4 Nf6 5. Nf3 Bg4 6. Be2 e6 7. 0-0 Nc6 8. Na3 Be7 9. Nc2 cxd4 10. Nfxd4 Nxd4 11. Nxd4 Bxe2 12. Qxe2 0-0 13. Rd1 a6 14. c4 Qa5 15. Be3 Rfd8 16. h3 Rac8 17. b3 Bb4 18. Nf3 e5 19. Rxd8+ Rxd8 20. Rd1 Rxd1+ 21. Qxd1 e4 22. Nh2 Be7 23. Qd2 Qxd2 24. Bxd2 Nd7 25. Kf1 f5 26. Ke2 Kf7 27. f3 Bd6 28. Nf1 exf3+ 1/2-1/2